Estadísticas para 15 principales países con muertes de Covid-19 - 2 mar 2021

Haz click aquí para intentar la prueba.

Estadísticas generales

  • Esta prueba ha sido intentada 4 veces
  • La puntuación promedio es 16 de 24

Estadísticas de respuestas

país% Correcto
Alemania
100%
España
100%
Estados Unidos
100%
Francia
100%
Italia
100%
Portugal
100%
Reino Unido
100%
Rusia
100%
Argentina
75%
Bélgica
75%
Brasil
75%
Colombia
75%
India
75%
México
75%
Chequia
50%
Irán
50%
Macedonia del Norte
50%
Perú
50%
Sudáfrica
50%
Bosnia y Herzegovina
25%
Bulgaria
25%
Croacia
25%
Eslovenia
25%
Hungría
25%

Distribución de puntuación

Porcentaje por número respondido

Porcentaje de gente con cada puntuación

Historial de tus puntuaciones

No has intentado esta prueba.